| 000 | 00794nam a2200229 i 4500 | ||
|---|---|---|---|
| 001 | 186108 | ||
| 003 | ES-MaACL | ||
| 005 | 20240420063053.0 | ||
| 008 | 160909s1948 sp |||| | spa d | ||
| 080 | _a821.134.2-32"19" | ||
| 100 | 1 |
_aGullón, Ricardo, _d1908-1991 _960938 |
|
| 245 | 1 | 3 |
_aEl destello / _cRicardo Gullón ; ilustraciones de Serny. |
| 250 | _a1ª ed. | ||
| 260 |
_aSantander ; _aMadrid : _bAntonio Zuñiga, _c1948. |
||
| 300 |
_a88 p., 3 h. de lám. ; _c22 cm. |
||
| 490 | 1 |
_aColección El viento sur ; _v1 |
|
| 700 | 0 |
_aSerny. _9105589 |
|
| 830 | 0 |
_aColección El viento sur ; _v1 _9184437 |
|
| 852 |
_aES-MaACL _jE-4472 _xEjemplar nº 22 de una tirada de 125 y con la firma autógrafa del autor y del ilustrador |
||
| 942 | _2udc | ||
| 999 |
_c186108 _d186108 |
||